| 000 | 00879 a2200217 4500 | ||
|---|---|---|---|
| 999 |
_c6939 _d6939 |
||
| 020 | _a0300103050 (pbk.) | ||
| 050 | 0 | 0 | _aBJ1500SIN2002 |
| 100 | 1 |
_aSinger, Peter, _d1946- |
|
| 245 | 1 | 0 |
_aOne world : _bthe ethics of globalization / _cPeter Singer. |
| 250 | _a2nd ed. | ||
| 264 |
_aLondon: _bYale University Press, _c2002 |
||
| 300 |
_axxv, 235 p. : _bill. ; |
||
| 500 | _aincludes index | ||
| 504 | _aIncludes bibliographical references (p. 203-225) and index. | ||
| 650 | 0 |
_aGlobalization _xMoral and ethical aspects. |
|
| 650 | 0 |
_aClimatic changes _xMoral and ethical aspects. |
|
| 650 | 0 |
_aForeign trade regulation _xMoral and ethical aspects. |
|
| 942 |
_2lcc _cBK _h1500 _iSIN _kBJ |
||